| 000 | 01526nam a22003977a 4500 | ||
|---|---|---|---|
| 001 | 12395637 | ||
| 003 | OSt | ||
| 005 | 20210426105204.0 | ||
| 008 | 010501s2002 nyua b 001 0beng | ||
| 010 | _a 2001032661 | ||
| 020 | _a0375405852 (alk. paper) | ||
| 040 |
_aDLC _cDLC _dDLC _beng |
||
| 042 | _apcc | ||
| 050 | 0 | 0 |
_aHG172.S63 _bK38 2002 |
| 080 |
_a92 _bK-24 |
||
| 082 | 0 | 0 |
_a332.6/092 _aB _221 |
| 100 | 1 | _aKaufman, Michael T. | |
| 245 | 1 | 0 |
_aSoros : _bthe life and times of a messianic billionaire / _c/ by: Alfred A. Knopf |
| 250 | _a1st edition | ||
| 260 |
_aNew York _bAlfred A. Knopf _c2002. |
||
| 300 |
_axviii, 344 p. : _bill. ; _c25 cm. |
||
| 365 | _b27.50 usd | ||
| 504 | _aIncludes bibliographical references and index. | ||
| 600 | 1 | 0 | _aSoros, George. |
| 650 | 0 |
_aCapitalists and financiers _vBiography. |
|
| 650 | 0 |
_aBiography _9237 |
|
| 650 | 0 | _aInvestments. | |
| 653 | _aბიოგრაფია | ||
| 653 | _aინვესტიციები | ||
| 856 | 4 | 2 |
_3Contributor biographical information _uhttp://www.loc.gov/catdir/bios/random053/2001032661.html |
| 856 | 4 | 1 |
_3Sample text _uhttp://www.loc.gov/catdir/samples/random042/2001032661.html |
| 856 | 4 | 2 |
_3Publisher description _uhttp://www.loc.gov/catdir/description/random044/2001032661.html |
| 906 |
_a7 _bcbc _corignew _d1 _eocip _f20 _gy-gencatlg |
||
| 942 |
_2udc _cBK _e1 |
||
| 999 |
_c938 _d938 |
||